000
00252nam a2200097Ia 4500
001
709319
005
20250826162544.0
008
250824s9999 xx 000 0 und d
245
0
_a
PUDİNG POLİ ÇZÜYOR
_c
CHRISTINE NÖSTLINGER
260
_b
TUDEM YAYINLARI
999
_c
709319
_d
709319